| 000 | nam a22 4500 | ||
|---|---|---|---|
| 999 |
_c332302 _d332302 |
||
| 003 | BLK | ||
| 005 | 20220224124942.0 | ||
| 008 | 190708b bu ||||| |||| 00| 0 bu d | ||
| 040 | _aBLK | ||
| 041 |
_aBUL _cBUL |
||
| 080 |
_aБългарска литература _b821.163.2 _x-94 _z821.163.2-94 |
||
| 100 |
_aДжумалийски, Даниел Николов _eпърви автор _91299 |
||
| 139 |
_aДжумалийски, Даниел Николов _bД 52 |
||
| 245 |
_aИсториите на началника _bили съвременен вариант на "Книга за музиката" _cДаниел Джумалийски. |
||
| 257 | _aBGR | ||
| 260 |
_9219492 _aРусе _bИзд. авт. _cб.г. _n978-619-90615- ; 978-619-188- ; 978-954-799- |
||
| 300 |
_a160 с., 15 с. : цв. ил. _c22 см |
||
| 380 | _aX | ||
| 852 | _cК 886.7/Д 52 | ||
| 852 | _cК 821.163.2/Д 52 Д | ||
| 942 |
_2udc _cKNG _n0 _s1 |
||
| 944 |
_aCR _c2019-07-08 _kГеновева Генчева |
||
| 999 | _d332302 | ||
| 999 | _d332302 | ||